[Event "Bundesliga 0708"]
[Site "Germany"]
[Date "2007.12.08"]
[Round "5.3"]
[White "Vallejo Pons, Francisco"]
[Black "Areshchenko, Alexander"]
[Result "0-1"]
[WhiteElo "2660"]
[BlackElo "2638"]
[Annotator "Meyer,CD"]
[PlyCount "116"]
[EventDate "2007.10.20"]
[EventType "team-tourn"]
[EventRounds "15"]
[EventCountry "GER"]
[SourceTitle "CBM 123"]
[Source "ChessBase"]
[SourceDate "2008.04.02"]
[SourceVersion "1"]
[SourceVersionDate "2008.04.02"]
[SourceQuality "1"]
[WhiteTeam "Baden-Baden"]
[BlackTeam "Werder Bremen"]
[WhiteTeamCountry "GER"]
[BlackTeamCountry "GER"]

1. e4 c5 2. Ne2 Nf6 3. Nbc3 d6 4. g3 e5 $6 ({Eine ebenso seltene wie passive
Aufstellung, während} 4... b5 $5 {eine interessante Empfehlung ist:} 5. Bg2 Bb7
6. O-O e6 $1 7. d3 b4 8. Nb1 Nfd7 $1 9. a3 a5 10. axb4 axb4 11. Rxa8 Bxa8 12.
c3 bxc3 13. bxc3 Be7 14. d4 O-O $11 {Lau - Gutman, 1986, ECO/B3}) 5. Bg2 Be7 6.
d3 Nc6 7. O-O O-O 8. f4 Nd4 9. h3 Rb8 10. a4 a6 11. g4 b5 12. axb5 axb5 13. g5
(13. f5 $2 h6) 13... Nxe2+ 14. Qxe2 Nd7 15. Nd5 exf4 16. Bxf4 Ne5 17. h4 (17.
Qh5 $6 Bb7 18. Ra7 Nc6 $5 19. Ra2 Nd4 20. c3 Ne6 21. Nxe7+ Qxe7 22. Bd2 Ra8 23.
Rfa1 Rxa2 24. Rxa2 Bc6 $11) 17... Bb7 ({I} 17... f6 18. Ra7 Bb7 19. Bxe5 fxe5
20. Qg4 Rxf1+ 21. Bxf1 Bxd5 22. exd5 $14) ({II} 17... Be6 $6 18. Ra7 Re8 19.
Qf2 Nc6 20. Nxe7+ Rxe7 21. Ra6 Ne5 22. h5 b4 23. b3 $16) 18. Bh3 Ra8 $2 ({
Ahnungslos schlittert Schwarz in einen mordsgefährlichen Königsangriff. Noch
ausreichend mag die sofortige Eliminierung des weißen Springervorpostens sein:
} 18... Bxd5 19. exd5 f6 $14) 19. Rxa8 Bxa8 20. Bxe5 dxe5 (20... Bxd5 $2 {
scheitert nun an} 21. Bxg7 Kxg7 22. exd5 $18 h6 23. Re1 Re8 24. gxh6+ Kxh6 25.
Qe3+ Kg7 26. Kh2) 21. Nf6+ $1 {Ein wenig überraschendes, kraftvolles (Schein-)
Opfer, das zur empfindlichen Schwächung der schwarzen Königsfeste führt. Nun
benötigt Schwarz nicht nur gute Nerven, sondern auch eine gehörige Portion
Glück.} Bxf6 $8 ({Erzwungen, man sehe: I} 21... gxf6 $4 22. Qh5 $18 {/\Bf5}) ({
II} 21... Kh8 $4 22. Nxh7 $1 (22. Nd7 $16) 22... Kxh7 23. Qh5+ Kg8 24. g6 $1
$18) 22. gxf6 {Das schwarze Eröffnungsexperiment ist gründlich gescheitert,
betrachtet man den ausgesperrten Ba8 wie die in den Startlöchern
steckengebliebene Initiative am Damenflügel, während sich die Gewitterwolken
bereits auf der anderen Seite verdichtet haben.} c4 $2 ({Schwarz träumt von
der Aufweichung der Bauernkette d3/e4 nebst Reanimierung des Läufers a8. Seine
Stellung ist aber derart kritisch, daß sie keine Ungenauigkeit mehr verträgt.
Die folgenden Feinheiten sind freilich am Turnierbrett nicht zu realisieren: I
} 22... Qd4+ $2 23. Kh2 g6 (23... Qxb2 $2 24. Qd2 $1 $18) 24. h5 $1 {- /\25.
Qd2 Kh8 26.hxg6 -} (24. Qd2 $6 Kh8 25. h5 Qd6 (25... Bxe4 $2 26. Qh6) 26. Qg5
Rg8 27. Rg1 Bc6 28. Bf5 Be8 29. Qh4 c4) 24... Qd6 (24... g5 25. h6 Kh8 26. Qf2
Qxf2+ (26... Qd6 27. Rg1 Rg8 28. Qf5 {/\Rxg5+-}) 27. Rxf2 Bc6 28. Rf5 Rg8 29.
Rxe5 Rg6 30. Rxc5 Rxf6 31. Rxg5 Rxh6 32. Kg3 $18) 25. Qe3 Kh8 26. b4 $3 cxb4
27. hxg6 fxg6 28. Qa7 {Das war die Idee von 26.b4.} Rg8 29. Qf7 Qc5 (29... Qf8
30. Qc7 {, xe5}) 30. Qe7 Qxe7 31. fxe7 Bc6 32. Rf7 $18 {, z.B.} b3 33. cxb3 b4
34. Kg3 Re8 (34... Be8 35. Be6) 35. Kf2 h5 36. Ke3 g5 37. Bf5 {usw.}) ({II} 
22... Qd6 $1 {ist vermutlich die einzige Parade, die allerdings zähen
Widerstand ermöglicht, z.B.} 23. fxg7 (23. Qh5 Rd8) (23. Qe3 Kh8 (23... Qd4 $2
24. Qxd4 cxd4 25. Rf5 gxf6 (25... Re8 $2 26. Rg5 g6 27. Bd7 h6 28. Rxg6+ fxg6
29. Bxe8 g5 30. hxg5 hxg5 31. Kf2 $18) 26. Rxf6 $16) 24. fxg7+ Kxg7 25. Kh2 Kh8
26. Qg5 f6 $14) 23... Kxg7 24. Kh2 c4 (24... Bc6 $6 25. Qh5 h6 26. Qf3 b4 (
26... Be8 27. Rg1+ Kh8 28. Qg3 Qf6 29. c3 $1 $16 {/\d4}) 27. Qg3+ Kh8 28. Rf5
$16) 25. Qh5 h6 26. Rf3 cxd3 27. cxd3 Bb7 28. Rg3+ Kh8 29. Bf5 {- /\Bg6 -} Qf6
30. d4 (30. Bg6 $2 Qf4) 30... Re8 31. d5 Rg8 $14) 23. Rf2 $2 ({Die erste, und
nicht letzte Auslassung. Durchschlagend war} 23. Qh5 $1 {, z.B.:} Kh8 (23...
Qd4+ 24. Kh2 Qe3 25. fxg7 Kxg7 26. Be6 $1 ({oder} 26. Rg1+ Kh8 27. Qxe5+ f6 28.
Qe7 Qf4+ 29. Kh1 Qh6 30. Qd6 $18) 26... f6 27. Bf5 Rh8 28. Rg1+ Kf8 29. Be6 Qa7
30. Rf1 $18) (23... h6 24. fxg7 Kxg7 25. Qxe5+ $18) 24. fxg7+ Kxg7 25. Qxe5+ f6
26. Qxb5 Qd4+ 27. Kh1 cxd3 28. cxd3 Rd8 29. Rg1+ Kh8 30. Qf5 $18) 23... cxd3 (
23... gxf6 $4 24. Bf5 Re8 25. Qe3 $18) 24. cxd3 Qd6 $2 ({Jetzt ist dieser
Damenzug mangelhaft. Spielbar mag} 24... g6 $5 {gewesen sein, z.B.} 25. Qe3 Kh8
26. Qc5 Kg8 $14) 25. Qe3 $1 Rd8 ({Die Lockerung} 25... h6 {bietet zusätzliche
Angriffsziele:} 26. Bf5 g6 27. Qxh6 Qxf6 28. Rg2 Qg7 29. Qc1 $1 (29. Qe3 Bc6
30. h5 Be8) 29... Qf6 30. h5 $18) 26. Qg5 Qf8 (26... g6 {scheitert an} 27. Qh6
Qf8 28. Qxf8+ Kxf8 29. Rc2 $1 {, da die schwarzen Grundreihen dank des
Sargnagels auf f6 wie des deplatzierten Ba8 überaus anfällig sind:} Ke8 30. Rc7
$1 Rxd3 (30... b4 31. Re7+ Kf8 32. Bd7 Bb7 33. Bb5 $18) 31. Bf1 Rg3+ 32. Kf2
Rb3 33. Rc8+ Kd7 34. Rxa8 Rxb2+ 35. Ke3 $18) 27. Qxe5 $2 ({Spätestens hier
soll bereits Zeitnot geherrscht haben! Korrekt war} 27. Rc2 $1 {(drohend 28.
Qxe5 Rxd3 29.Rc8 Rd8 30.fxg7+-), z.B.} g6 (27... Kh8 28. Kh2 $1 Re8 29. Bd7 Rb8
30. Qxe5 gxf6 31. Qxf6+ Qg7 32. Qxg7+ Kxg7 33. Kg3 $18) 28. Qxe5 Rxd3 (28...
Qh6 29. Qc7 Qe3+ 30. Kh2 Qd4 31. Qxd8+ Qxd8 32. Rc8 $18) 29. Rc7 Rxh3 (29...
Rd8 30. Rxf7 $1) 30. Qe7 $18 {und der schwarze Monarch wird zünftig eingesargt:
} Bc6 31. Rxc6 Qa8 32. Kf2 $1 (32. Ra6 $4 Qc8 $19) 32... Rh2+ 33. Kg3 Rxb2 (
33... Qb8+ 34. Rc7 $18) (33... Rd2 34. Rc7 $18 Kh8 35. Qxf7 Qg8 36. Rc8) 34.
Rc7 Kh8 35. Rd7 $18) 27... Rxd3 {Endlich - nun erwacht der Ba8 wieder zum
Leben!} 28. fxg7 Rd1+ 29. Bf1 (29. Kh2 $6 Qd6 $11) 29... Qd8 $14 {Damit sollte
Schwarz eigentlich aus dem Gröbsten heraus sein.} 30. h5 Re1 $2 (30... Bc6 $14)
31. Qf5 $2 ({Nach} 31. Qf4 $1 Qe8 32. h6 {wäre Weiß wieder auf der
Siegerstraße gewesen:} Bxe4 (32... Rxe4 $2 33. Bxb5 $18) 33. Qd6 Bg6 (33... b4
34. Re2 Rxe2 35. Bxe2) 34. Re2 Rxe2 35. Bxe2 Qe3+ 36. Kf1 Qh3+ 37. Kf2 Qh4+ 38.
Kg2 Qg5+ (38... Be4+ $2 39. Kf1 Qh3+ 40. Ke1 $18) 39. Kf1 Qf5+ 40. Ke1 Qb1+ (
40... Qc8 41. Bxb5 $18) 41. Qd1 $18) 31... Qc7 $1 $11 {So überdeckt Schwarz
die neuralgischen Punkte f7/c8 und erhält mit der Drohung Qg3+ erstmals
ausreichendes Gegenspiel.} 32. Qxb5 $2 (32. Rf4 $11) (32. Qf4 $11) 32... Qg3+
$6 (32... Rxe4 $15) 33. Rg2 $11 Qe3+ 34. Kh2 ({Die (einzuschiebende) Zugfolge} 
34. Rf2 Qg3+ 35. Rg2 Qe3+ 36. Kh2 {ist laut Vallejo Pons nicht registriert
worden.}) 34... Qf4+ 35. Kg1 ({Oder} 35. Rg3 Rxe4 36. Bg2 Qh4+ {(=), wozu es
nach Zugumstellung gleich kommen wird.} 37. Rh3 (37. Bh3 Qd8) 37... Qf4+ 38.
Rg3 $11) 35... Qe3+ $11 {Gemäß Vallejo Pons war es dreimal zu dieser Position
gekommen.} 36. Kh2 Qf4+ 37. Rg3 Rxe4 38. Bg2 Qh4+ {Zeitüberschreitung von
Weiß! Allerdings hatten die Spieler sowohl für den mitschreibenden
Schiedsrichter als auch für das DGT-Brett in dieser Phase zu hektisch gezogen,
so daß die Elektronik mit Zug Nr. 38 ihre Übertragungsfunktion einstellte. Bei
der Rekonstruktion sollen sich dann aber beide Akteure einig gewesen sein, daß
die Stellung mit ...Qe3+ nicht zweimal, wie vom Schiri notiert, sondern
dreimal (ohne Remisreklamation) wiederholt worden war und - vor allem - Weiß
den 40. Zug rechtzeitig geschafft hatte.} 39. Bh3 (39. Rh3 Qf4+ 40. Rg3 Qh4+
$11 (40... Re3 41. Qg5)) 39... Qf4 (39... Qd8) 40. Bf5 {(/\Bxh7+)} Qh4+ 41. Bh3
Qd8 42. Qd3 Rd4 (42... Qxd3 43. Rxd3 Kxg7) 43. Qa3 Rd2+ 44. Kg1 Qb6+ 45. Qe3 $4
({Völliger Contenance-Verlust!} 45. Re3 $13 {/=}) 45... Rd1+ 46. Bf1 Qc6 $1 $19
{Wer hätte geahnt, daß Weiß das Schicksal einmal auf dieser Diagonalen ereilen
sollte ...} 47. Qe2 Rc1 $2 ({Leider bleibt auch das folgende schöne Finale
hinter den Kulissen:} 47... Qh1+ 48. Kf2 Qh2+ 49. Rg2 (49. Bg2 Qg1#) 49... Bxg2
$1 50. Bxg2 (50. Qxd1 Bf3+ (50... Bxf1+ 51. Kxf1 Qh1+ 52. Ke2 Qxh5+ 53. Kd2
Qxd1+ 54. Kxd1 Kxg7 $19) 51. Kxf3 Qxh5+) 50... Qf4+ 51. Qf3 (51. Bf3 Rd2) 51...
Qh4+ 52. Qg3 Rd2+ 53. Kf3 Rd3+ $19) 48. Rc3 Qh1+ 49. Kf2 Qh4+ 50. Kg1 Qg5+ 51.
Kh2 Qf4+ (51... Rxc3 52. bxc3 Qh4+ 53. Kg1 (53. Bh3 Qf4+ 54. Kg1 Qg3+ 55. Bg2 {
ist Zugumstellung}) 53... Qg3+ 54. Bg2 Bxg2 55. Qxg2 Qxc3 {führt zur Partie})
52. Kg1 ({Nach} 52. Kh3 Rxf1 53. Qe8+ Kxg7 {steht der weiße König eindeutig
schlechter:} 54. Rg3+ (54. Qxa8 Qf5+ 55. Kg2 Rf2+ 56. Kg1 Qb1+ 57. Kxf2 Qxb2+
58. Ke1 Qxc3+ 59. Kd1 Qd4+ 60. Kc2 Qc5+ 61. Kb3 Qxh5 $19) 54... Kh6 55. Qxa8 (
55. Qf8+ Kxh5 $19) 55... Qf5+ 56. Kh2 Rf2+ 57. Kg1 Qf4 $1 58. Qa6+ f6 59. Rg2
Rxg2+ 60. Kxg2 Qg5+ 61. Kh2 Qe5+ 62. Kh3 Qxh5+ 63. Kg3 Qe5+ 64. Kf3 Qxb2 $19)
52... Rxc3 53. bxc3 Qg3+ 54. Bg2 Bxg2 55. Qxg2 Qxc3 56. Kh1 $2 (56. Qd5 {
war zumindest zu versuchen:} Qg3+ 57. Kf1 Qf4+ 58. Ke2 Kxg7 $17) 56... Qa1+ 57.
Kh2 Qe5+ 58. Qg3 Qxh5+ (58... Qxh5+ 59. Kg2 Qg6 60. Kh1 Qh6+ 61. Kg2 Qxg7 $19)
0-1

[Event "Bundesliga 9899"]
[Site "Germany"]
[Date "1999.04.17"]
[Round "14.3"]
[White "Conquest, Stuart"]
[Black "Pelletier, Yannick"]
[Result "0-1"]
[WhiteElo "2490"]
[BlackElo "2483"]
[Annotator "Pelletier,Y"]
[PlyCount "84"]
[EventDate "1998.10.17"]
[EventType "team-tourn"]
[EventRounds "15"]
[EventCountry "GER"]
[SourceTitle "GER-chT"]
[Source "ChessBase"]
[SourceDate "1999.07.01"]
[SourceVersion "1"]
[SourceVersionDate "1999.07.01"]
[SourceQuality "1"]
[WhiteTeam "Delmenhorst"]
[BlackTeam "Zaehringen"]
[WhiteTeamCountry "GER"]
[BlackTeamCountry "GER"]

1. e4 c5 2. Nc3 Nc6 3. g3 g6 4. Bg2 Bg7 5. d3 e6 6. h4 h5 (6... Nf6 {ist
vermutlich besser.}) 7. Nh3 d6 8. O-O Qb6 ({Auf} 8... Nf6 {befürchtete ich
unbegründet die Fesselung durch} 9. Bg5 {. Der Textzug macht wenig Sinn.}) 9.
Bd2 Nf6 10. Rb1 (10. Qc1 {war präziser, da es nicht klar ist, ob Rb1 wirklich
nötig ist.}) 10... O-O 11. Qc1 Nd4 12. Kh1 Rb8 13. Bh6 Qd8 {Der b-Bauer muss
einmal gestossen werden und ich fand kein besseres Feld für meine Dame. Ein
Zeichen, dass mein 8. Zug fehl am Platz war.} (13... Qa5 {gefiel mir weniger
wegen} 14. Bxg7 Kxg7 15. Qg5) 14. Bxg7 Kxg7 15. b4 {Auf dem Damenflügel hat
Schwarz und nicht Weiss etwas zu suchen. Dieser Zug ist deshalb nicht so gut
wie} (15. Nd1 e5 16. c3 Nc6 {mit ungefährem Ausgleich.}) 15... Qc7 {[%csl Rc3]
[%cal Gc8c1]} (15... b5 {ist ungenau wegen} 16. bxc5 Qc7 17. Qb2 dxc5 (17...
Qxc5 $2 18. Na4 $1 $16) 18. f4) 16. Qd2 $6 {Weiss sollte den Damenflügel
geschlossen halten:} (16. b5 Qa5 17. Qd2 e5 $11) 16... b5 17. f4 Bb7 ({
Interessant war} 17... d5 $5 {, um eine Entscheidung des Weissen im Zentrum zu
erzwingen. Falls} 18. e5 {, dann kommt Weiss kaum mehr zum gewünschten f4-f5.
18.exd5 exd5 ist auch sichtlich gut für Schwarz, und wenn der Anziehende nicht
reagiert, öffnet Schwarz zu seinen Günsten die d-Linie.}) 18. Ne2 Nxe2 19. Qxe2
d5 (19... cxb4 20. Rxb4 Qc5 $6 21. Rfb1 $36) 20. Ng5 d4 $2 {Eine schlechte
Entscheidung. Es ist klar, dass Weiss einen Angriff am Königsflügel entwickeln
will. Und das ist im Fall eines geschlossenen Zentrums viel einfacher zu
realisieren.} ({Zu schwarzem Vorteil führte} 20... dxe4 21. dxe4 cxb4 22. Rxb4
a5) 21. Bh3 Rfe8 22. Kh2 Rbc8 23. Rf2 {[%csl Rc2][%cal Gb1f1,Gf1f7,Yf2c2] Die
Schwäche auf c2 ist leicht zu decken.} cxb4 24. Rxb4 Qc5 25. Rb1 Rc7 26. Rbf1
Ng8 (26... Qa3 27. Qd1 {bringt nicht viel ein.}) 27. Qd1 (27. g4 $6 {wäre
angesichts} hxg4 28. Bxg4 Nf6 29. Bh3 Rh8 $36 {verfrüht.}) 27... Qd6 $5 {
Eine prophylaktische Massnahme gegen den Vorstoss f5.} 28. f5 {[%csl Rg3][%cal
Gd6g3] In Zeitnot hätte Stuart Conquest auf diesen Zug verzichten sollen, aber
vermutlich war es der letzte Moment. Denn Weiss hat keinen Zug, der seine
Stellung bzw. seinen Angriff verstärken kann, während Schwarz nur noch Nh6 für
seine Konsolidierung braucht.} (28. Nf3 Nh6 $13) (28. Qb1 $13) 28... exf5 29.
exf5 Re3 30. Rg1 $2 $138 {Passivität ist keine angebrachte Strategie hier.} ({
Vorzuziehen war} 30. Rf4 Nh6 31. fxg6 fxg6 {, obwohl Schwarz auch hier besser
stehen sollte.}) 30... Nh6 31. Qb1 $6 (31. fxg6 fxg6 {mit der Idee Bc8.}) 31...
a6 $6 $138 (31... gxf5 $5 {wäre gewiss stark gewesen. Z.B:} 32. Qxb5 (32. Bxf5
Nxf5 33. Rxf5 Re2+ 34. Kh3 Bc8) 32... f6 {und der Ng5 ist gefangen.}) 32. fxg6
fxg6 33. Qb3 Bd5 34. Qb2 Bb7 35. Qa1 $6 ({Auf} 35. Qb3 {hatte ich vor,} Rce7
$17 {zu spielen.}) 35... Bc8 $1 {[%csl Gg4] Ein starker Zug, der die Schwäche
des Feldes g4 unterzeichnet. Der Nh6 lebt wieder.} 36. Ne4 Qe5 37. Bxc8 Rxc8
38. Kh1 Nf5 {[%csl Rg3]} (38... Ng4 {war auch vorteilhaft.}) 39. a4 b4 40. Qa2
$6 Rc7 (40... Nxg3+ 41. Rxg3 Rxg3 42. Qf7+ Kh6 43. Nxg3 Qxg3 {versprach
entscheidenden Vorteil, aber unter Zeitdruck wollte ich kein Eindringen auf
die 7.Reihe zulassen.}) ({Stärker war dennoch wie im Vorzug} 40... Rf8 $1) 41.
Qb1 $6 (41. Qb2 {erlaubte etwas mehr Widerstand, obwohl die 3 Möglichkeiten}
Rf7 (41... Rxe4 42. dxe4 Qxe4+ 43. Kh2 Rc3 $17) (41... b3 $5 42. Qxb3 Nxg3+ 43.
Nxg3 Rxg3 44. Rxg3 Qxg3 $19) 42. Kh2 a5 {dem Nachziehenden Vorteil versprechen.
}) 41... Rxe4 $1 (41... Nxg3+ 42. Nxg3 (42. Rxg3 Rxg3 43. Qxb4 Rh3+ 44. Kg1 Re7
$19) 42... Rxg3 43. Qf1 Rxg1+ 44. Qxg1 Re7 $19) 42. dxe4 Nxg3+ (42... Nxg3+ 43.
Kg2 (43. Rxg3 Qxg3 $19) 43... Qxe4+ 44. Rf3 (44. Kh2 Qxh4+ 45. Kg2 Ne4) (44.
Kxg3 Rc3+ 45. Kh2 Qxh4+ 46. Kg2 Qh3#) 44... Rc3 (44... Nf5) 45. Qd1 Ne2 46.
Rgf1 Qg4+) 0-1

[Event "ISR-chT"]
[Site "Israel"]
[Date "1997.03.27"]
[Round "7"]
[White "Murey, Jacob"]
[Black "Tsesarsky, Ilya"]
[Result "0-1"]
[WhiteElo "2420"]
[BlackElo "2390"]
[Annotator "Tsesarsky,I"]
[PlyCount "72"]
[EventDate "1997.??.??"]
[EventType "team"]
[EventRounds "11"]
[EventCountry "ISR"]
[SourceTitle "CBM 058"]
[Source "ChessBase"]
[SourceDate "1997.06.01"]
[SourceVersion "1"]
[SourceVersionDate "1997.06.01"]
[SourceQuality "1"]

1. e4 c5 2. Nc3 Nc6 3. g3 g6 4. Bg2 Bg7 5. Nge2 Rb8 (5... d6 {- 34/196}) 6. O-O
b5 7. a3 (7. f4 $5 b4 8. Nd5 e6 (8... d6 $6 9. f5 $1 $40) 9. Ne3 f5 10. d3 (10.
g4 $6 fxe4 11. f5 exf5 12. gxf5 d5 13. Nf4 Nce7 $1 $17) 10... Nge7 11. a3 $5 (
11. g4 O-O 12. Ng3 Nd4 $15) (11. e5 $5 {/\ Nc4 ><d6} d5 12. exd6 Qxd6 13. Nc4
Qc7 14. Be3 Na5 $1) 11... d5 $1 (11... a5 $6 12. axb4 axb4 13. e5 $1 d5 14.
exd6 Qxd6 15. Nc4 Qc7 16. Be3 Nd4 17. Nxd4 cxd4 18. Bf2 $16 {<->a ><e5, e6})
12. axb4 Rxb4 (12... cxb4 $5 {/\} 13. exd5 exd5 14. c4 bxc3 15. bxc3 d4 $1 16.
cxd4 Nxd4 17. Rxa7 O-O $44) 13. exd5 exd5 14. Ra2 O-O 15. b3 Rb8 $15 {0-1
Murey,Y-Ye,J/Helsinki 1992 (29)} (15... Rb7 $5)) (7. Nd5 {- 55/(166)}) 7... e6
8. Rb1 (8. d3 Nge7 9. Be3 Nd4 10. b4 d6 11. Rb1 O-O 12. Na2 a5 (12... f5 $132)
13. bxc5 dxc5 14. c3 Nxe2+ 15. Qxe2 Qd6 16. f4 Ba6 (16... Rd8 17. Rfd1 Ba6 18.
e5 Qc7 19. d4 cxd4 20. Bxd4 Nc6 $11) 17. Rfd1 Rfc8 18. Qf2 c4 19. dxc4 Qxa3 20.
Ba7 Ra8 21. e5 b4 22. Bxa8 Rxa8 23. Bc5 Bf8 24. Ra1 Bxc4 25. Nxb4 Qxc3 26. Rac1
(26. Qd4 $16) 26... Qb3 27. Nc2 Bd5 28. Ne3 Be4 29. Rd4 (29. Bxe7 Bxe7 30. Rd7
Bd8 $132) (29. Nc4 Bc6 30. Nb6 Re8 31. Rd2 $18 {[%csl Rc6,Re7]}) 29... Nf5 30.
Nxf5 exf5 31. Bxf8 Kxf8 32. Rdc4 (32. Rd7 a4 33. h3 a3 34. Ra1 a2 35. Kh2 $11)
32... Rd8 33. h3 $4 {[#]} (33. Rc8 Rxc8 34. Rxc8+ Kg7 35. Rc1 a4 36. h3 (36.
Ra1 a3 37. Qe2 Bd5 38. Kf2 a2 39. h3 Qb6+ 40. Kf1 Qb1+ 41. Qd1 Qe4 $19) 36...
a3 37. Kh2 a2 38. Ra1 Bd5 39. g4 $11) 33... Qxc4 {0-1 Murrey,J-Kupreichik,V/
Velden op 1996}) (8. b4 a5 (8... d6) 9. Rb1 axb4 10. axb4 cxb4 11. Na2 Qa5 12.
Bb2 e5 13. Nac1 Qb6 14. Nb3 Nge7 15. d4 d6 16. Qd2 $132 {1-0 Lautier
Joel-Ljubojevic Ljubomir/It "Melody Amber" (active), Monte Carlo 1996 (32)})
8... a5 9. a4 bxa4 (9... b4 10. Nb5 Ba6 11. c4 $14 bxc3 12. bxc3 d6 13. d4 cxd4
14. cxd4 Nge7 15. Ba3 O-O 16. f4 f5 (16... d5 17. e5 $14) 17. e5 d5 18. Qd3 $14
) 10. Nxa4 d6 11. d3 (11. b3 Nge7 12. f4 O-O 13. Bb2 $11) 11... Nge7 12. b3 O-O
13. Bg5 (13. Bb2 Nd4) 13... h6 14. Be3 Nd4 15. c3 (15. e5 Bxe5 16. Bxh6 Bg7 17.
Bxg7 Kxg7 18. Nxd4 cxd4 19. Ra1 d5 $11 {[%csl Ya5,Yd4][%cal Ge7c6]}) 15...
Nxe2+ 16. Qxe2 Bd7 $15 17. Qd2 Kh7 18. f4 Qc7 19. Qc2 (19. e5 Bxa4 20. exd6 (
20. bxa4 dxe5 $17) 20... Qxd6 21. bxa4 Nd5 22. Bxd5 exd5 23. c4 (23. d4 c4 $15)
23... d4 24. Bf2 Rb4 $15) 19... Rb5 $5 (19... Bxa4 20. bxa4 Rxb1 (20... f5 21.
exf5 Nxf5 22. Bf2 c4 23. d4 $14) 21. Rxb1 Rb8 22. Rxb8 Qxb8 23. g4 f5 24. Bf3
$132) 20. Ra1 (20. e5 Nd5 21. Bxd5 exd5 22. Qf2 dxe5 23. Bxc5 Re8 24. fxe5 Rxe5
25. d4 Rf5 $15) 20... Rfb8 (20... f5 21. Ra3 Rfb8 {[%csl Rb3]} 22. Rfa1 Bc6
$132) 21. Rfb1 d5 (21... Bc6 22. Ra3 Qb7 23. h3 f5 24. Bd2 fxe4 25. dxe4 c4 26.
b4 Ng8 27. Nb2 axb4 28. cxb4 Nf6 29. Re3 (29. Nxc4 Bxe4 30. Bxe4 Nxe4 31. Re1
Nxd2 32. Nxd2 Qd7 33. Qe4 e5 $19) 29... d5 $17) 22. c4 $6 (22. Rb2 $1 Bc8 $15)
(22. g4 $2 c4 $1 $17) 22... dxc4 23. dxc4 Rxb3 (23... Rb4 $6 24. Nxc5 Bxa1 25.
Rxa1 Ra8 26. Nxd7 Qxd7 27. Bc5 Rbb8 28. e5 $14) 24. Rxb3 Rxb3 (24... Bxa1 25.
Rxb8 Qxb8 26. Nxc5 Bc6 27. e5 Bxg2 28. Nd7 Qb7 29. Nf6+ Kg7 30. Qxg2 Qxg2+ 31.
Kxg2 a4 32. Bc5 Nc6 33. Ba3 Bc3 34. Ne4 Bb4 $17) 25. Qxb3 Bxa1 $17 26. Nxc5 Bc6
27. h3 (27. Qa3 Bg7 28. h3 e5 29. Nd3 exf4 30. gxf4 (30. Bxf4 Qd7 31. Bd6 Nc8
32. Bf8 Bd4+ 33. Kh2 a4 34. Qc1 g5 35. Bc5 Bxc5 36. Nxc5 Qd4 $19) 30... a4 31.
Nc5 Qa5 32. Nd3 $17) 27... e5 28. Nd3 exf4 29. Bxf4 Bd4+ 30. Kh2 a4 $1 $19 31.
Qa2 (31. Qxa4 $2 Qxf4 32. Qxc6 Qe3 $19) 31... Qb7 32. Bd6 (32. c5 Qb3 33. Qxb3
axb3 34. Bc1 $8 Bb5 $19) 32... Bxe4 33. Nf4 (33. c5 Nf5 34. Bxe4 Qxe4 35. Qxf7+
Ng7 36. Qf1 a3 37. Nb4 Nf5 38. Qg2 Qb1 39. Na2 Bg1+ 40. Qxg1 Qxa2+ 41. Qg2 Qb2
$19) 33... Nf5 34. c5 Bxg2 35. Nxg2 Qb3 36. Qd2 a3 0-1